000 01474cad a22002415a 4500
001 L125799
008 040408s2004 xxk l f000 0 eng u
020 _a0110908821
035 _a(Sirsi) u125799
245 0 4 _aThe Commonhold and Leasehold Reform Act 2002 (Commencement No. 2 and Savings) (Wales) Order 2004
_h[electronic resource]
260 _aLondon
_bHMSO
_c2004
490 _aSI
_v2004: 669
520 _aCame into force 30 March 2004. Reg 2 lists various provisions of the Commonhold and Leasehold Reform Act 2002 coming into force. These include: a new right for long leaseholders of flats to collectively manage their building (ss71-113); changes to the definition of service charges and rights to challenge charges (ss150-155); changes to the provision relating to requests for insurance information from landlords (s157); the right to challenge charges under lease and estate management schemes (ss158-159); and the extension of Leasehold Valuation Tribunals (ss163-173 and s176). See Explanatory Note for further details. View at www.legislation.hmso.gov.uk.
590 _aCLR
650 _aWALES
650 _aCOMMONHOLD AND LEASEHOLD REFORM ACT 2002
650 _aLEASEHOLD VALUATION TRIBUNALS
650 _aSERVICE CHARGES
650 _aLEASEHOLDERS
690 _aLANDLORD AND TENANT-LEASEHOLD REFORM
856 _uhttps://www.legislation.gov.uk/wsi/2004/669/contents/made
_zView the Order free of charge at www.legislation.gov.uk
942 _n0
999 _c103475
_d103475